00427nam a2200109Ia 4500082001200000245006500012100007900077942000700156008004100163999001900204952009400223 aAF LING 0aDuisend sterre; Kasteel van die arend; Boodskap in die wind  a LINGUA, Susanna M. (Susanna Myburgh) Pretoria, 2008 1ste druk 964899 cBK210817s9999 xx 000 0 und d c251101d251100 00104070aSECLbSECLd2021-08-18g260.00l0p33228020253728r2021-08-18w2021-08-18yBK